Quiz o Przemyślu - Statystyki

Ogólne statystyki
  • Ten quiz został rozwiązany 9 razy
  • Średni wynik to 4 z 15
Statystyki odpowiedzi
Wskazówka Odpowiedź % Poprawnych
Nazwa rzeki, która płynie po Przemyślu San
100%
Najpopularniejszy punkt widokowy w mieście, inaczej nazywany "Przemysława" Kopiec Tatarski
67%
Symbol miasta. Niedźwiedź
67%
Północna część miasta Przemyśla, na lewym brzegu Sanu. Zasanie
67%
Nazwa klubu piłkarskiego który powstał w 1909 roku. Polonia Przemyśl
50%
Najpopularniejsze miasto partnerskie. Lwów
33%
Obecny prezydent miasta Wojciech Bakun
33%
Rok, w którym pierwszy raz wzmiankowano Przemyśl 981
17%
Pierwowzór postaci z trylogii Henryka Sienkiewicza, był stolnikiem przemyskim. Jerzy Wołodyjowski
0%
Nazwa plemienia, którego Przemyśl mógł być głównym grodem. Lędzianie
0%
Najstarsza placówka muzealna województwa podkarpackiego. Muzeum Archidiecezjalne
0%
Urodzony w 1513 roku. Ksiądz katolicki, kanonik przemyski, historyk, autor pism politycznych i religijnych okresu renesansu, ideolog złotej wolności szlacheckiej i ruchu obrony praw szlacheckich, przeciwnik celibatu. Uwieczniony na obrazie Jana Matejki pt. Rzeczpospolita Babińska. Stanisław Orzechowski
0%
Nazwa najwyższego punktu w mieście. Wapielnica
0%
Najwyższy budynek. Wieża Archikatedralna
0%
Nazwa jednostki w I RP, której Przemyśl był stolicą. Ziemia Przemyska
0%
Nie znaleziono quizów pasujących do podanych kryteriów
Rozkład punktacji
Procent ludzi z każdym wynikiem
Percentyl według liczby udzielonych odpowiedzi
Twoja historia wyników
Nie rozwiązałeś tego quizu